Statistics for T Marks the Spot

Click here to take the quiz!

General Stats

  • This quiz has been taken 62 times
  • The average score is 12 of 21

Answer Stats

HintAnswer% Correct
FrequentlyOften
87%
NetherlandersDutch
83%
Ahab or Cook, egCaptain
78%
Rose segmentPetal
76%
Waterboarding, eg.Torture
76%
Country of IndochinaVietnam
72%
Exactly alikeIdentical
70%
Sotheby's eventAuction
61%
Tenochtitlán nativeAztec
61%
"Likewise", "Same here"Ditto
61%
Saturn's largest moonTitan
59%
Largest wingspan birdAlbatross
57%
Vatican chapelSistine
52%
Japanese mattressFuton
50%
Wharf, pierJetty
43%
Catchprase, sloganMotto
43%
Raised up by magicLevitated
41%
Hitchens or Lloyd, egChristopher
39%
Cicero's tongueLatin
33%
Toilet tankCistern
31%
Sagittarius beastCentaur
28%

Score Distribution

Percentile by Number Answered

Percent of People with Each Score

Your Score History

You have not taken this quiz